000
00267nam a2200109Ia 4500
008
200302s9999 xx 000 0 und d
100
_a
Robert B. Bechtel
245
_a
Enclosing Behavior
260
_b
Dowden Hutchinson & Riss, Inc.
260
_c
1977
300
_a
192 P.,
999
_c
2288
_d
2288